Statistics for Logos Quiz #2

Click here to take the quiz!

General Stats

  • This quiz has been taken 16 times
  • The average score is 13 of 15

Answer Stats

Answer% Correct
Apple
100%
Facebook
100%
Google
100%
X
100%
Youtube
100%
Amazon
93%
Instagram
93%
Microsoft
93%
Shell
93%
Taco Bell
93%
Spotify
87%
Target
87%
Walmart
87%
WhatsApp
73%
Ubuntu
7%

Score Distribution

Percentile by Number Answered

Percent of People with Each Score

Your Score History

You have not taken this quiz